| 000 | 00819nam a22001937a 4500 | ||
|---|---|---|---|
| 999 |
_c60646 _d60646 |
||
| 003 | Ge_BSU | ||
| 005 | 20230928160359.0 | ||
| 008 | 230928s2013 ge ||||| |||| 00| 0 geo d | ||
| 020 | _a9789941221743 | ||
| 041 | _ageo | ||
| 080 | _a821.112.2-32 რ-75 | ||
| 100 |
_aროთფუსი, ული _919942 |
||
| 245 |
_aნაძვების მკვლელი = Tannenmurder : _b[მოთხრობა] / _c ული როთფუსი ; გერმ. თარგმნა ლულუ დადიანმა. |
||
| 264 |
_aთბილისი : _bუნივერსალი, _c2013. |
||
| 300 |
_a32 გვ. ; _b21 სმ. |
||
| 500 | _aპარალ. თავფ. გერმ. | ||
| 700 |
_aდადიანი, ლულუ _eმთარგმნელი _919954 |
||
| 942 |
_2udc _cBK |
||